[Event "IX Rapid Open"]
[Site "El Sauzal ESP"]
[Date "2008.11.02"]
[Round "6"]
[White "Barlov,D"]
[Black "Ramos Aguilar,J"]
[Result "1-0"]
[WhiteElo "2463"]
[BlackElo "2225"]

1.e4 c5 2.Nf3 Nc6 3.Bb5 d6 4.O-O Nf6 5.e5 Nd5 6.Bxc6+ bxc6 7.h3 g6 8.Re1 Bg7
9.exd6 Qxd6 10.d3 O-O 11.Nbd2 Rb8 12.Ne4 Qc7 13.Nxc5 Rxb2 14.Bxb2 Bxb2 15.c4 Bxa1
16.Qxa1 Nf4 17.Qe5 Qa5 18.Qxe7 Bf5 19.Qe5 Rd8 20.d4 Ne6 21.Nxe6 Qxe5 22.Nxe5 fxe6
23.g4 Bc2 24.Nxc6 Rd6 25.d5 exd5 26.cxd5 Ba4 27.Re8+ Kf7 28.Re7+ Kf6 29.Rxa7 Bxc6
30.dxc6 Rxc6 31.Rxh7  1-0

[Event "IX Rapid Open"]
[Site "El Sauzal ESP"]
[Date "2008.11.02"]
[Round "8"]
[White "Garcia Padron,Jo"]
[Black "Lopez Pereyra,A"]
[Result "1-0"]
[WhiteElo "2434"]
[BlackElo "2159"]

1.e4 c5 2.Nf3 Nc6 3.Bb5 a6 4.Bxc6 dxc6 5.O-O Qc7 6.h3 e5 7.c3 Be6 8.Qe2 f6
9.d4 exd4 10.cxd4 O-O-O 11.Be3 g5 12.dxc5 h5 13.Nd4 Bf7 14.b4 g4 15.h4 Bh6
16.Nc3 Ne7 17.a4 Ng6 18.b5 Qa5 19.Qb2 Ne5 20.bxc6 Nxc6 21.Nxc6 bxc6 22.Bxh6 Rxh6
23.Rab1 Qc7 24.Qe2 Qa5 25.Rfc1 g3 26.fxg3  1-0

[Event "TCh-HUN 2008-9"]
[Site "Szombathely HUN"]
[Date "2008.11.02"]
[Round "2"]
[White "Rudolf,An"]
[Black "Kiss,At"]
[Result "0-1"]
[WhiteElo "2318"]
[BlackElo "2369"]

1.e4 c5 2.Nf3 Nc6 3.Bb5 g6 4.O-O Bg7 5.Re1 Nf6 6.e5 Nd5 7.Nc3 Nc7 8.Bxc6 dxc6
9.Ne4 Ne6 10.d3 O-O 11.Bd2 f5 12.Neg5 Nxg5 13.Bxg5 f4 14.Qc1 Bg4 15.Bxf4 Bxf3
16.gxf3 Qd5 17.Re4 Rf5 18.Qe3 Raf8 19.Kg2 b6 20.Bg3 Qf7 21.f4 Bh6 22.Re1 Qxa2
23.d4 cxd4 24.Qxd4 c5 25.Qd7 Bxf4 26.R1e2 Qf7 27.Bxf4 Rxf4 28.Rxf4 Qxf4 29.Qd5+ Kg7
30.Qb7 Qg5+ 31.Kf1 Rd8 32.Re3 Rd2 33.Qe4 Qh5 34.e6 Rd4 35.Qf3 Qf5 36.c3 Rf4
37.Qe2 c4 38.Qd2 b5 39.Ke1 a5 40.Kf1 b4 41.cxb4 axb4 42.Ke1 g5 43.Kf1 h6
44.Kg1 Qc5 45.Qe2 Qd6 46.Rg3 Qd5 47.Rg4 c3 48.Rxf4 gxf4 49.bxc3 f3 50.Qc2 b3  0-1

[Event "21st Belgrade Trophy"]
[Site "Obrenovac SRB"]
[Date "2008.11.03"]
[Round "7"]
[White "Milosavljevic,D"]
[Black "Posedaru,B"]
[Result "0-1"]
[WhiteElo "2111"]
[BlackElo "2212"]

1.e4 c5 2.Nf3 Nc6 3.Bb5 d6 4.O-O Bd7 5.c3 Nf6 6.Re1 a6 7.Ba4 b5 8.Bc2 Bg4
9.h3 Bh5 10.a4 e6 11.axb5 axb5 12.Rxa8 Qxa8 13.g4 Bg6 14.d4 Be7 15.g5 Nd7
16.d5 exd5 17.exd5 Bxc2 18.Qxc2 Nce5 19.Nh4 Qxd5 20.f4 Nd3 21.Re3 c4 22.Bd2 N7c5
23.Na3 Ne6 24.f5 Nef4 25.Be1 Qc5  0-1

[Event "21st Belgrade Trophy"]
[Site "Obrenovac SRB"]
[Date "2008.11.03"]
[Round "7"]
[White "Lukovic,V"]
[Black "Stamenkovic,A"]
[Result "1/2-1/2"]
[WhiteElo "2063"]
[BlackElo "2283"]

1.e4 c5 2.Nf3 Nc6 3.Bb5 e6 4.Bxc6 bxc6 5.e5 d5 6.O-O Ne7 7.Re1 Ng6 8.Nc3 Be7
9.d3 O-O 10.b3 f6 11.Ba3 fxe5 12.Na4 c4 13.Bxe7 Qxe7 14.Nxe5 Nxe5 15.Rxe5 Rxf2
16.Kxf2 Qf6+ 17.Qf3 Qxe5 18.Rf1 Qxh2 19.Ke2 cxd3+ 20.cxd3 Qe5+ 21.Kd1 Qf5
22.Qe2 Qg6 23.Nc5 h6 24.Qf3 Qf6 25.Qxf6 gxf6 26.Rxf6 Kg7 27.Rf1 e5 28.Kd2 Bg4
29.d4 exd4 30.Rf4 h5 31.Rxd4 Kf6 32.Rf4+ Ke7 33.Nd3 Rg8 34.Ra4 Bd7 35.Nf4 Kd6
36.Rxa7 Bf5 37.Ke3 Be4 38.Nxh5 Rxg2 39.Nf4 Rg3+ 40.Kd2 Ke5 41.Ne2 Rg2 42.Ke3 c5
43.Ra5 Kd6 44.Ra6+ Ke7 45.Nf4  1/2-1/2

[Event "21st Belgrade Trophy"]
[Site "Obrenovac SRB"]
[Date "2008.11.05"]
[Round "9"]
[White "Kasparova,T"]
[Black "Bojovic,D"]
[Result "1/2-1/2"]
[WhiteElo "2185"]
[BlackElo "2259"]

1.e4 c5 2.Nf3 Nc6 3.Bb5 g6 4.Bxc6 dxc6 5.d3 Bg7 6.h3 Nf6 7.Nc3 O-O 8.Be3 b6
9.Qd2 e5 10.Bh6 Qd6 11.Bxg7 Kxg7 12.O-O h6 13.b3 Ba6 14.a4 Rad8 15.Qe3 Rfe8
16.Ne2 Nd7 17.Nh4 Nf8 18.f4 exf4 19.Rxf4 Ne6 20.Rf2 Qe5 21.Raf1 Re7 22.Ng3 Qg5
23.Qxg5 Nxg5 24.Ngf5+ gxf5 25.Nxf5+ Kf8 26.Nxe7 Kxe7 27.h4 Ne6 28.Rxf7+ Kd6
29.Rxa7 Bc8 30.Rh7 Ke5 31.Rxh6 Rg8 32.c3 Nf4 33.d4+ cxd4 34.cxd4+ Kxe4 35.Re1+ Kxd4
36.Rd6+ Kc5 37.Rd2 Nd5 38.Re4 Bf5 39.Rc4+ Kd6 40.Kh2 c5 41.b4 Kc6 42.bxc5 bxc5
43.h5 Ne3 44.Rf4 Rg5 45.h6 Ng4+ 46.Kg1 Nxh6 47.Rdf2  1/2-1/2

[Event "Russia Cup Final w"]
[Site "Serpuhov RUS"]
[Date "2008.11.06"]
[Round "1.2"]
[White "Kryukova,I"]
[Black "Girya,O"]
[Result "0-1"]
[WhiteElo "2258"]
[BlackElo "2332"]

1.e4 c5 2.Nf3 Nc6 3.Bb5 d6 4.O-O Bd7 5.c3 Nf6 6.Re1 a6 7.Bf1 Bg4 8.h3 Bh5
9.d3 e6 10.Nbd2 Be7 11.g4 Bg6 12.Bg2 Nd7 13.Nf1 Nde5 14.N3h2 h6 15.f4 Nd7
16.Nf3 O-O 17.f5 Bh7 18.Ng3 Nde5 19.Rf1 Nxf3+ 20.Qxf3 Bg5 21.Nh5 Ne5 22.Qe2 Rc8
23.f6 gxf6 24.h4 Bxh4 25.Bxh6 Bg6 26.Kh1 Bg5 27.Bxf8 Kxf8 28.d4 cxd4 29.cxd4 Nd7
30.Rf3 Qb6 31.Rd1 Ke7 32.Rb3 Qa7 33.e5 Rc2 34.exf6+ Nxf6 35.Qf1 b5 36.Nxf6 Bxf6
37.d5 Rf2 38.Qe1 Bc2 39.dxe6 Bxb3 40.exf7+ Be5 41.axb3 Rxf7 42.Qe4 Qf2 43.Qb7+ Kf8
44.Qxf7+  0-1

[Event "Russia Cup Final w"]
[Site "Serpuhov RUS"]
[Date "2008.11.06"]
[Round "1.2"]
[White "Ivkina,O"]
[Black "Iljushina,O"]
[Result "1-0"]
[WhiteElo "2229"]
[BlackElo "2311"]

1.e4 c5 2.Nf3 Nc6 3.Bb5 g6 4.Bxc6 dxc6 5.d3 Bg7 6.h3 Nh6 7.Nc3 f6 8.Be3 b6
9.Qd2 Nf7 10.O-O-O e5 11.g4 Be6 12.Kb1 Qe7 13.Ne2 O-O-O 14.Qc3 Kb7 15.Ng3 Nd6
16.a4 Rd7 17.Rdg1 Rhd8 18.b3 Ka8 19.Nd2 Nb7 20.f3 b5 21.a5 a6 22.h4 Qd6 23.h5 b4
24.Qa1 Qc7 25.hxg6 hxg6 26.Qa4 Qxa5 27.Qxa5 Nxa5 28.Bxc5 Rb8 29.Kb2 Rb5 30.Be3 c5
31.Ra1 Kb7 32.Nc4 Nc6 33.Rh7 Bg8 34.Nd6+ Kb6 35.Rxg7 Rxg7 36.Nxb5 Kxb5 37.Rh1 Nd4
38.f4 Be6 39.g5 fxg5 40.fxg5 Rf7 41.Rh6 Rg7 42.Bxd4 exd4 43.Ne2 Kc6 44.Nf4 Bf7
45.Nh5 Rg8 46.Nf6 Ra8 47.Rh7 Be6 48.Rg7 a5 49.Rxg6 a4 50.bxa4 Rxa4 51.Nd5 Ra8  1-0

[Event "Open"]
[Site "Kaikoura NZL"]
[Date "2008.11.08"]
[Round "1"]
[White "Chandler,M"]
[Black "Dolejs,D"]
[Result "1-0"]
[WhiteElo "2515"]
[BlackElo "1953"]

1.e4 c5 2.Nf3 Nc6 3.Bb5 Qb6 4.Nc3 a6 5.Bxc6 Qxc6 6.d4 e6 7.d5 Qb6 8.O-O Nf6
9.a4 d6 10.Nd2 g6 11.Nc4 Qc7 12.Bg5 Nh5 13.dxe6 Bxe6 14.Nd5 Bxd5 15.Qxd5 f6
16.Qe6+ Be7 17.Bh6 g5 18.Qg4 Nf4 19.g3 Ng6 20.Rad1 b5 21.axb5 axb5 22.Ne3 Qc8
23.Nf5 Ne5 24.Qh5+ Kd7 25.f4 gxf4 26.Bxf4 Qe8 27.Qe2 c4 28.Rd5 Rb8 29.Bxe5 fxe5
30.Rfd1 Kc7 31.Qe3 Rf8 32.Nxd6 Bxd6 33.Rxd6 Rf7 34.Qc5+ Kb7 35.Qb6+  1-0

[Event "Open"]
[Site "Kaikoura NZL"]
[Date "2008.11.08"]
[Round "2"]
[White "Forster,W"]
[Black "Nokes,R"]
[Result "0-1"]
[WhiteElo "1956"]
[BlackElo "2293"]

1.e4 c5 2.Nf3 Nc6 3.Bb5 g6 4.O-O Bg7 5.Re1 Nf6 6.c3 O-O 7.d4 cxd4 8.cxd4 a6
9.Bf1 d5 10.e5 Ne4 11.Ng5 Nxg5 12.Bxg5 Qb6 13.Nc3 e6 14.Be3 Qxb2 15.Na4 Qa3
16.Rb1 b5 17.Nc5 Ra7 18.Bd2 b4 19.Re3 Qa5 20.a3 Qd8 21.Bxb4 a5 22.Be1 f6
23.Bb5 Ne7 24.f4 fxe5 25.fxe5 Nf5 26.Rc3 Raf7 27.Be2 Qg5 28.Rb6 Ne3  0-1

[Event "Russia Cup Final"]
[Site "Serpuhov RUS"]
[Date "2008.11.08"]
[Round "2.2"]
[White "Zvjaginsev,V"]
[Black "Vorobiov,E"]
[Result "1/2-1/2"]
[WhiteElo "2646"]
[BlackElo "2577"]

1.e4 c5 2.Nf3 Nc6 3.Bb5 e6 4.c3 d5 5.Qe2 dxe4 6.Ne5 Bd7 7.Nxd7 Qxd7 8.Qxe4 Nf6
9.Qe2 a6 10.Ba4 Be7 11.Bc2 O-O 12.d3 Rfd8 13.Nd2 Qd5 14.O-O Ne5 15.Nc4 Nxc4
16.dxc4 Qh5 17.Qxh5 Nxh5 18.Be3 Nf6 19.Rfd1 a5 20.Kf1 b6 21.Bf4 Ne8 22.Ke2 Rxd1
23.Rxd1 Rd8 24.Rb1 h6 25.Be3 Nd6 26.Bd3 e5 27.f3 f5 28.Rd1 Kf7 29.b4 axb4
30.cxb4 Ra8 31.bxc5 Rxa2+ 32.Kf1 bxc5 33.Bxc5 Kf6 34.Be2 Nb7 35.Bxe7+  1/2-1/2

[Event "Russia Cup Final"]
[Site "Serpuhov RUS"]
[Date "2008.11.08"]
[Round "2.4"]
[White "Zvjaginsev,V"]
[Black "Vorobiov,E"]
[Result "1-0"]
[WhiteElo "2646"]
[BlackElo "2577"]

1.e4 c5 2.Nf3 Nc6 3.Bb5 e6 4.O-O Nge7 5.c3 a6 6.Be2 d5 7.exd5 Nxd5 8.d4 Qf6
9.Bg5 Qg6 10.Bd3 Qh5 11.Be2 cxd4 12.cxd4 Bd6 13.g3 Bd7 14.Nc3 Nxc3 15.bxc3 h6
16.Be3 Qa5 17.Nd2 Qc7 18.Nc4 Ne7 19.Nxd6+ Qxd6 20.Bf4 Qa3 21.Qb3 Qxb3 22.axb3 Bc6
23.Rfd1 h5 24.h4 f6 25.Ra5 g6 26.c4 Rd8 27.Bc1 Kf7 28.Ra2 Rd7 29.Rad2 Rhd8
30.Bb2 Be4 31.f3 Bf5 32.Kf2 Nc6 33.Bc3 g5 34.hxg5 fxg5 35.g4 hxg4 36.fxg4 Bg6
37.Ke3 Ne7 38.Rf1+ Ke8 39.Rf6 Rd6 40.Bb4  1-0

[Event "38th Olympiad"]
[Site "Dresden GER"]
[Date "2008.11.13"]
[Round "1"]
[White "Mok Tze Meng"]
[Black "Chahrani,I"]
[Result "1-0"]
[WhiteElo "2308"]
[BlackElo "2314"]

1.e4 c5 2.Nf3 Nc6 3.Bb5 e6 4.Bxc6 bxc6 5.O-O Ne7 6.c3 Ng6 7.d4 cxd4 8.cxd4 d6
9.Bg5 Be7 10.Bxe7 Qxe7 11.e5 O-O 12.exd6 Qxd6 13.Nbd2 Nf4 14.Re1 Ba6 15.Ne4 Qc7
16.b3 Bd3 17.Nc5 Bf5 18.Qd2 Rad8 19.Rac1 Ng6 20.Qc3 Ne7 21.h3 h6 22.Qc4 Qf4
23.Qe2 Rd5 24.Rc4 Rfd8 25.Qe3 Qc7 26.Rb4 Bg6 27.Rb7 Qd6 28.Rxa7 Nf5 29.Qc3 Qb8
30.Ra4 Qf4 31.Nd3 Qd6 32.Nb4 Nxd4 33.Nxd5 Nxf3+ 34.Qxf3 cxd5 35.Qf4 Qxf4
36.Rxf4 d4 37.b4 e5 38.Rf3 d3 39.Rd1 e4 40.Re3 f5 41.g3 Bf7 42.Rd2 Rb8 43.Rb2 Ra8
44.Re1 Rxa2 45.Rxa2 Bxa2 46.b5 Bc4 47.b6 Ba6 48.Ra1 Bb7 49.Kf1 g5 50.Ra7  1-0

[Event "38th Olympiad"]
[Site "Dresden GER"]
[Date "2008.11.13"]
[Round "1"]
[White "De la Riva Aguado,O"]
[Black "Belzo,K"]
[Result "1-0"]
[WhiteElo "2537"]
[BlackElo "1993"]

1.e4 c5 2.Nf3 Nc6 3.Bb5 g6 4.c3 Bg7 5.d4 Qb6 6.Ba4 cxd4 7.O-O d3 8.Qxd3 d6
9.Na3 Nf6 10.Nc4 Qc7 11.Bg5 O-O 12.Ne3 Qa5 13.Bb3 Ne5 14.Nxe5 dxe5 15.Rfd1 Qc7
16.a4 b6 17.Bxf6 Bxf6 18.Nd5 Qc5 19.Bc4 Bb7 20.b4 Qc8 21.a5 Bxd5 22.exd5 Qc7
23.Bb5 Rfd8 24.Bc6 Rac8 25.axb6 axb6 26.Qe3 e6 27.c4 exd5 28.Bxd5 Kg7 29.g3 Be7
30.Ra4 Rd7 31.Rda1 Qd6 32.Ra6 Qxb4 33.Rxb6 Qc5 34.Qxe5+ Kg8 35.Rab1 Qc7 36.Qe4 Bd6
37.Qf3 Qd8 38.Rxd6  1-0

[Event "38th Olympiad"]
[Site "Dresden GER"]
[Date "2008.11.13"]
[Round "1"]
[White "Belkhodja,S"]
[Black "Van Tilbury,C"]
[Result "1-0"]
[WhiteElo "2476"]
[BlackElo "2280"]

1.e4 c5 2.Nf3 Nc6 3.Bb5 d6 4.d4 cxd4 5.Qxd4 Bd7 6.Bxc6 Bxc6 7.Nc3 Nf6 8.Bg5 Qb6
9.Bxf6 gxf6 10.Nd5 Qxd4 11.Nxd4 Rc8 12.O-O-O e6 13.Nxf6+ Ke7 14.Nxc6+ Rxc6
15.Nh5 Rg8 16.Ng3 Bh6+ 17.Kb1 Rgc8 18.c3 b5 19.Ne2 b4 20.Rd3 Bg7 21.Rc1 bxc3
22.Nxc3 Bh6 23.Rc2 Bg7 24.g3 Rc4 25.f3 R8c5 26.Rc1 Bh6 27.Rcd1 Rc6 28.Rd4 R4c5
29.f4 Bg7 30.e5 d5 31.Ne4 Rc2 32.R4d2 R2c4 33.Ng5 h6 34.Nf3 f6 35.Nd4 Rb6
36.f5 Rxd4 37.Rxd4 fxe5 38.Rg4 Bf6 39.fxe6 Kxe6 40.Rg6 Kf7 41.Rxh6 Kg7 42.Rxf6 Kxf6
43.Rxd5 Rc6 44.g4 e4 45.Rf5+ Ke6 46.h4 Rc4 47.Rf8 Ke7 48.Rf4 Ke6 49.h5 Ke5
50.Rf5+ Kd4 51.g5 Rc7 52.g6 e3 53.Rf1 Kd5  1-0

[Event "38th Olympiad"]
[Site "Dresden GER"]
[Date "2008.11.13"]
[Round "1"]
[White "Al Zendani,Z"]
[Black "Croes,O"]
[Result "1-0"]
[WhiteElo "2400"]
[BlackElo "1980"]

1.e4 c5 2.Nf3 Nc6 3.Bb5 g6 4.O-O Bg7 5.d3 Nd4 6.Nxd4 cxd4 7.c3 Qa5 8.Bc4 dxc3
9.Nxc3 Nf6 10.Bf4 d6 11.Qd2 O-O 12.Rfe1 a6 13.a4 Bd7 14.Be3 Ng4 15.Nd5 Qxd2
16.Nxe7+ Kh8 17.Bxd2 Bxb2 18.Ra2 Bd4 19.Bb4 Be5 20.h3 Nf6 21.d4 Bxd4 22.Bxd6 b5
23.axb5 axb5 24.Rxa8 Rxa8 25.Bxf7 Bc3 26.Rc1 b4 27.e5 Ne8 28.Bxe8 Bxe8 29.Nd5 Bd2
30.Rc7 g5 31.e6 Bf4 32.Nxf4 gxf4 33.Be5+  1-0

[Event "38th Olympiad"]
[Site "Dresden GER"]
[Date "2008.11.14"]
[Round "2"]
[White "Nezad,H"]
[Black "Uesugi,S"]
[Result "0-1"]
[WhiteElo "2401"]
[BlackElo "2222"]

1.e4 c5 2.Nf3 Nc6 3.Bb5 g6 4.Bxc6 dxc6 5.d3 Bg7 6.h3 Nf6 7.Nc3 Nd7 8.Be3 e5
9.Qd2 Qe7 10.Bh6 f6 11.Bxg7 Qxg7 12.Nh2 Nf8 13.f4 exf4 14.Qxf4 Ne6 15.Qf2 O-O
16.Nf3 Bd7 17.O-O-O Rad8 18.Kb1 b6 19.h4 h5 20.Rdg1 f5 21.exf5 Rxf5 22.Qg3 Rf4
23.Re1 Rdf8 24.Re4 Rxe4 25.Nxe4 Nf4 26.Re1 Bg4 27.Nfg5 Qd4 28.b3 a5 29.Rf1 Qe5
30.Qf2 Be2 31.d4 cxd4 32.g3 Bxf1 33.Qxf1 Nd5 34.Qc4 d3 35.Qxd3 Nb4 36.Qe2 Nd5
37.Qd3 b5 38.c3 a4 39.bxa4 bxa4 40.Qc4 Qf5 41.Kc2 Qf1 42.Qxf1 Rxf1 43.Kb2 Nf6
44.Nxf6+ Rxf6 45.Ka3 Rd6 46.Kxa4 Rd3 47.Kb3 Kf8 48.a4 Ke7 49.a5 Kd8 50.Kc4 Rxg3
51.Ne6+ Kc8 52.a6 Kb8  0-1

[Event "38th Olympiad"]
[Site "Dresden GER"]
[Date "2008.11.14"]
[Round "2"]
[White "Al Modiahki,M"]
[Black "Kojima,S"]
[Result "0-1"]
[WhiteElo "2559"]
[BlackElo "2272"]

1.e4 c5 2.Nf3 Nc6 3.Bb5 Nf6 4.Bxc6 dxc6 5.d3 Bg4 6.Nbd2 e6 7.h3 Bh5 8.O-O Be7
9.Qe1 Nd7 10.b3 e5 11.Bb2 Qc7 12.g4 Bg6 13.Nc4 f6 14.Nh4 O-O-O 15.Bc1 Nf8
16.f4 Bf7 17.fxe5 Bxc4 18.bxc4 fxe5 19.Rf7 Ne6 20.Nf5 Rd7 21.Qg3 Bf6 22.Rxd7 Qxd7
23.Be3 g6 24.Nh6 Nf4 25.Re1 Bg5 26.Bxc5 Bxh6 27.Bxa7 Bf8 28.Be3 Bb4 29.Kh2 Bxe1
30.Qxe1 Qc7 31.Qb4 Ne6 32.Bb6 Qf7 33.Qa5 Rf8 34.Qa8+ Kd7 35.Qxb7+ Kd6 36.Qa6 Qf4+
37.Kg2 Qd2+ 38.Kg3 Qe1+ 39.Kh2 Qe2+ 40.Kh1 Rf1+ 41.Bg1 Qf2 42.c5+ Nxc5  0-1

[Event "Russia Cup Final"]
[Site "Serpuhov RUS"]
[Date "2008.11.14"]
[Round "5.2"]
[White "Savchenko,B"]
[Black "Bocharov,D"]
[Result "1/2-1/2"]
[WhiteElo "2648"]
[BlackElo "2597"]

1.e4 c5 2.Nf3 Nc6 3.Bb5 e6 4.Bxc6 bxc6 5.O-O Ne7 6.c3 d5 7.d3 Ng6 8.Qa4 Bd7
9.Nbd2 Bd6 10.Re1 f6 11.Nb3 e5 12.Be3 Qe7 13.exd5 cxd5 14.Qa5 Rc8 15.d4 cxd4
16.Bxd4 Bc6 17.Bxa7 Qd7 18.Nfd4 Ba8 19.Qb5 Qxb5 20.Nxb5 Be7 21.a4 Nf4 22.Be3 g5
23.Bxf4 gxf4 24.Rad1 Kf7 25.Rd3 Rhg8 26.Rh3 Rg7 27.Nd2 Rb8 28.Kf1 Bc6 29.g3 Bxb5+
30.axb5 Rxb5 31.gxf4 Rxb2 32.Rd3 Ke6 33.fxe5 fxe5 34.c4 Rxd2 35.cxd5+ Kf6
36.Rxd2 Bb4 37.Ree2 Bxd2 38.Rxd2 Ke7 39.d6+ Ke6 40.Ke2 Rd7 41.Kf3 Rxd6 42.Rxd6+ Kxd6
43.Kg4 Kd5 44.Kf5 e4 45.h4 Kd4 46.h5 e3 47.fxe3+ Kxe3 48.Ke6 Kf4 49.Kf6 Ke4
50.Kg7 Kf5 51.Kxh7 Kf6 52.Kh6 Ke5  1/2-1/2

[Event "38th Olympiad"]
[Site "Dresden GER"]
[Date "2008.11.15"]
[Round "3"]
[White "Nguyen Van Huy"]
[Black "Gengler,P"]
[Result "1-0"]
[WhiteElo "2422"]
[BlackElo "2200"]

1.e4 c5 2.Nf3 Nc6 3.Bb5 Nf6 4.Nc3 Qc7 5.d3 Nd4 6.Bc4 e6 7.Nxd4 cxd4 8.Nb5 Qc5
9.O-O d5 10.exd5 exd5 11.b4 Qb6 12.Bf4 dxc4 13.Nc7+ Kd8 14.Nxa8 Qxb4 15.c3 Qxc3
16.Bc7+ Ke8 17.Qa4+ Bd7 18.Qxa7 Bb4 19.Qb8+ Ke7 20.Qxh8 Qxd3 21.Bd8+ Ke6
22.Qxg7 Nd5 23.Rad1  1-0

[Event "38th Olympiad w"]
[Site "Dresden GER"]
[Date "2008.11.17"]
[Round "5"]
[White "Mezioud,A"]
[Black "Soondarsingh,A"]
[Result "1-0"]
[WhiteElo "2028"]
[BlackElo "1867"]

1.e4 c5 2.Nf3 Nc6 3.Bb5 g6 4.O-O Bg7 5.Re1 d6 6.c3 a6 7.Bf1 Nf6 8.d3 O-O
9.Nbd2 Bd7 10.g3 Qc8 11.e5 dxe5 12.Nc4 Qc7 13.Ncxe5 Nxe5 14.Nxe5 Be6 15.Qe2 Rad8
16.Bf4 Qc8 17.Bg5 Bh3 18.Bxh3 Qxh3 19.Bxf6 exf6 20.Ng4 f5 21.Ne3 Rfe8 22.Qc2 Bh6
23.Ng2 g5 24.Qb3 b5 25.Rxe8+ Rxe8 26.Qd5 f4 27.Rf1 Re6 28.d4 Rf6 29.Re1 f3
30.Re8+ Kg7 31.Ne1 g4 32.Qd8 Bd2 33.Rg8+ Kh6 34.Qxf6+ Kh5 35.Qxf7+ Kh6 36.Qf8+ Kh5
37.Qf5+ Kh6 38.Qf6+ Kh5  1-0

[Event "9th Open"]
[Site "Liberec CZE"]
[Date "2008.11.18"]
[Round "5"]
[White "Zdrazil,B"]
[Black "Skokan,F"]
[Result "0-1"]
[WhiteElo "1953"]
[BlackElo "1829"]

1.e4 c5 2.Nf3 Nc6 3.Bb5 a6 4.Bxc6 bxc6 5.O-O d6 6.h3 e6 7.d3 Be7 8.Re1 Qc7
9.e5 d5 10.c4 h5 11.Ng5 Nh6 12.Qxh5 Bd7 13.Qd1 Nf5 14.Nf3 f6 15.Bf4 g5 16.Bh2 Qb6
17.Nc3 O-O-O 18.Na4 Qa7 19.Qb3 Rdg8 20.exf6 Bxf6 21.Nxc5 g4 22.Nxd7 gxf3
23.Nb6+ Kd8 24.Rxe6 Rxg2+ 25.Kh1 Rxh3  0-1

[Event "17th North American FIDE Inv"]
[Site "Skokie USA"]
[Date "2008.11.18"]
[Round "7"]
[White "Antonio,R"]
[Black "Tsyganov,I"]
[Result "1/2-1/2"]
[WhiteElo "2515"]
[BlackElo "2248"]

1.e4 c5 2.Nf3 Nc6 3.Bb5 g6 4.O-O Bg7 5.Bxc6 dxc6 6.d3 Nf6 7.h3 O-O 8.Nc3 Ne8
9.Be3 b6 10.Qd2 e5 11.a3 Nc7 12.Bh6 Qd6 13.Bxg7 Kxg7 14.b4 cxb4 15.axb4 Qxb4
16.Rfb1 Qd6 17.d4 exd4 18.Nxd4 Kg8 19.e5 Qxe5 20.Re1 Qg7 21.Re7 c5 22.Rxc7 Qxd4
23.Qxd4 cxd4 24.Nb5 Rd8 25.Raxa7 Rxa7 26.Nxa7 Bf5 27.Nc6 Rd6 28.Ne7+ Kf8
29.Nxf5 gxf5 30.Kf1 d3 31.cxd3 Rxd3 32.Rc6 Rb3 33.Rf6 Rb5 34.h4 Kg7 35.Rc6 h5
36.g3 Rb3 37.Kg2 b5 38.Rb6 b4 39.Kf1 Rb2 40.Kg2 Rb3  1/2-1/2

[Event "15th It"]
[Site "Tuzla BIH"]
[Date "2008.11.21"]
[Round "1"]
[White "Nezirovic,O"]
[Black "Budimir,Bor"]
[Result "0-1"]
[WhiteElo "2131"]
[BlackElo "2328"]

1.e4 c5 2.Nf3 Nc6 3.Bb5 g6 4.O-O Bg7 5.c3 e5 6.Re1 Nge7 7.d3 O-O 8.Be3 d6
9.h3 Qb6 10.Bxc6 Qxc6 11.Qd2 f5 12.Bg5 Rf7 13.b4 b6 14.a4 Qc7 15.Na3 Nc6
16.Nb5 Qd7 17.exf5 gxf5 18.a5 Rb8 19.Rab1 cxb4 20.cxb4 a6 21.Nc3 b5 22.Bh6 Qe6
23.Bxg7 Rxg7 24.d4 Qg6 25.g3 f4 26.Ne4 Bf5 27.Nh4 Qh6 28.Nxf5 Qxh3 29.Nxg7 f3
30.Nf6+ Kh8  0-1

[Event "38th Olympiad"]
[Site "Dresden GER"]
[Date "2008.11.22"]
[Round "9"]
[White "Belkhodja,S"]
[Black "Elliott,W"]
[Result "1/2-1/2"]
[WhiteElo "2476"]
[BlackElo "2264"]

1.e4 c5 2.Nf3 Nc6 3.Bb5 e6 4.Bxc6 bxc6 5.d3 Ne7 6.Ng5 Ng6 7.Qh5 e5 8.f4 exf4
9.O-O Qe7 10.Nc3 d6 11.h3 h6 12.Nf3 Ne5 13.Bxf4 g6 14.Bxe5 gxh5 15.Bxh8 Be6
16.e5 d5 17.Ne2 Qd7 18.Nf4 Be7 19.Bf6 O-O-O 20.Bxe7 Qxe7 21.Nxh5 d4 22.Nf6 Bd5
23.Rae1 c4 24.Nxd5 Rxd5 25.dxc4 Rd8 26.b3 Qa3 27.Nh4 Qxa2 28.Nf5 Qxc2 29.Nd6+ Kb8
30.Rxf7 Qc3 31.Rff1 d3 32.Kh1 d2 33.Rd1 Qd4 34.b4 Rg8 35.c5 Qe3 36.Rg1 Qe2
37.e6 Rg7 38.Rdf1 Rg8 39.Rd1 Rg7 40.Rdf1  1/2-1/2

[Event "38th Olympiad"]
[Site "Dresden GER"]
[Date "2008.11.22"]
[Round "9"]
[White "Amin,B"]
[Black "Saric,Ib"]
[Result "1-0"]
[WhiteElo "2560"]
[BlackElo "2559"]

1.Nf3 c5 2.e4 Nc6 3.Bb5 Na5 4.c3 a6 5.Be2 Nf6 6.e5 Nd5 7.d4 cxd4 8.O-O e6
9.c4 Ne7 10.Qxd4 Ng6 11.Bd3 Qc7 12.Qc3 b6 13.Re1 Bb7 14.Nbd2 Rc8 15.b4 Bxf3
16.bxa5 Ba8 17.axb6 Qxb6 18.Rb1 Qc7 19.Bb2 Be7 20.Ne4 O-O 21.Qd4 Bxe4 22.Qxe4 Rb8
23.h4 Bxh4 24.Ba3 Qa7 25.c5 Be7 26.Rb6 Qc7 27.Rxa6 f6 28.exf6 Rxf6 29.Qd4 Nf4
30.Be4 Rh6 31.Qe3 Rf8 32.Bf3 Bf6 33.Rd6 Ng6 34.c6 Ne5 35.cxd7 Nxf3+ 36.Qxf3 Be7
37.Qxf8+ Kxf8 38.Rc1 Qa5 39.Ra6 Qd2 40.Rd6 Qa5 41.d8=Q+ Bxd8 42.Ra6+ Ke8
43.Rxa5 Bxa5 44.Bb2 g6 45.Rc5 Bd8 46.g3 Kd7 47.Kg2 Bb6 48.Rb5 Bc7 49.Bf6 Kc6
50.a4 Rh5 51.Rxh5 gxh5 52.Kh3 Bb6 53.f3 Bf2 54.Be5 Kd5 55.Bc7 Kc6 56.Bb8 Be1
57.Kh4 Kd5 58.Kxh5 e5 59.g4 Bd2 60.Bc7 e4 61.fxe4+ Kxe4 62.Bd8 Kd5 63.Bg5 Ba5
64.Kh6 Ke4 65.Be7 Bd2+ 66.Kxh7 Kf3 67.g5 Bxg5 68.Bxg5 Ke4 69.a5 Kd5 70.a6 Kc6
71.Bd8 Kd5  1-0

[Event "TCh-NED 2008-9"]
[Site "Netherlands NED"]
[Date "2008.11.22"]
[Round "3"]
[White "Kroeze,F"]
[Black "Kuipers,S"]
[Result "0-1"]
[WhiteElo "2424"]
[BlackElo "2321"]

1.e4 c5 2.Nf3 Nc6 3.Bb5 g6 4.O-O Bg7 5.Re1 Qb6 6.Na3 a6 7.Bf1 d6 8.c3 Bg4
9.h3 Bxf3 10.Qxf3 Nf6 11.Nc4 Qc7 12.a4 O-O 13.a5 Nd7 14.Qg3 Nde5 15.Nb6 Rae8
16.f4 Nd7 17.Nc4 e6 18.f5 Nde5 19.Qh4 Nxc4 20.Bxc4 exf5 21.d3 fxe4 22.dxe4 Nxa5
23.Bd5 Nc6 24.Bg5 Ne5 25.Rf1 Nc6 26.Rf4 Nd8 27.Bh6 Qe7 28.Bg5 Qc7 29.Bf6 Ne6
30.Bxg7 Nxf4 31.Bf6 Nh5 32.Bg5 Re5 33.Rf1 Rxg5 34.Qxg5 Ng7 35.Rf6 Ne8 36.Rf4 Ng7
37.Rf6 Nh5 38.Rf1 Qd7 39.g4 Ng7 40.Rf6 Ne8 41.Rf3 b5 42.h4 Nc7 43.h5 Nxd5
44.exd5 f6 45.Qf4 Rf7 46.hxg6 hxg6 47.Kf2 g5 48.Qe4 Kg7 49.Re3 f5  0-1

[Event "15th It"]
[Site "Tuzla BIH"]
[Date "2008.11.22"]
[Round "2"]
[White "Nurkic,S"]
[Black "Bajramovic,H"]
[Result "1-0"]
[WhiteElo "2408"]
[BlackElo "2206"]

1.e4 c5 2.Nf3 Nc6 3.Bb5 g6 4.O-O Bg7 5.Bxc6 bxc6 6.Re1 e5 7.h3 d6 8.c3 Ne7
9.d4 cxd4 10.cxd4 Be6 11.Nc3 f6 12.Be3 O-O 13.Qa4 Kh8 14.Red1 Qb8 15.Qa3 Rd8
16.dxe5 fxe5 17.Bg5 Qc7 18.Rac1 Rab8 19.Rc2 h6 20.Be3 Rd7 21.b4 Qd8 22.Rcd2 d5
23.Bc5 d4 24.Na4 Nc8 25.Qc1 Kh7 26.Nb2 Rf7 27.Rd3 Nd6 28.Bxd6 Qxd6 29.a3 Rbf8
30.Nc4 Qc7 31.Na5 Bd7 32.Qc5 Rf4 33.Re1 Bxh3 34.Ng5+ hxg5 35.Rxh3+ Kg8 36.Nxc6 R8f7
37.f3  1-0

[Event "38th Olympiad"]
[Site "Dresden GER"]
[Date "2008.11.23"]
[Round "10"]
[White "Vachier Lagrave,M"]
[Black "Markos,J"]
[Result "1-0"]
[WhiteElo "2716"]
[BlackElo "2557"]

1.e4 c5 2.Nf3 Nc6 3.Bb5 d6 4.O-O Bd7 5.Re1 Nf6 6.c3 a6 7.Ba4 b5 8.Bc2 e5
9.h3 g6 10.d4 Bg7 11.dxc5 dxc5 12.a4 O-O 13.axb5 axb5 14.Rxa8 Qxa8 15.Qd6 c4
16.Bg5 Be6 17.Nxe5 Nxe5 18.Qxe5 Nd7 19.Qd6 Qa2 20.Qb4 Re8 21.Bf4 Bf8 22.Qxb5 Ra8
23.Bc1 Ra5 24.Qc6 Ne5 25.Qc7 Nd3 26.Bxd3 cxd3 27.Nd2 Ra7 28.Qg3 Rd7 29.Nf3 Qa5
30.Qg5 Qa4 31.Nd4 Bb3 32.Bd2 Rb7 33.Qd8 Qa7 34.Nxb3 Rxb3 35.Qxd3 Rxb2 36.Be3 Qa2
37.Qd8 Qa3 38.Rd1 Qe7 39.Qd5 h5 40.c4 Rc2 41.Qd3 Ra2 42.c5 Qe6 43.Rc1 Ra6
44.Qd5 Rc6 45.Qxe6 fxe6 46.Kf1 Kf7 47.Ke2 Ke8 48.Kd3 Kd7 49.Kc4 Rc8 50.Ra1 Bg7
51.Ra7+ Rc7 52.Rxc7+ Kxc7 53.Kb5 Be5 54.f4 Bf6 55.g4 hxg4 56.hxg4 Bg7 57.c6 Bb2
58.Bb6+ Kd6 59.e5+ Ke7 60.Ka6  1-0

[Event "38th Olympiad"]
[Site "Dresden GER"]
[Date "2008.11.23"]
[Round "10"]
[White "Kim,Alex"]
[Black "Baules,J"]
[Result "1-0"]
[WhiteElo "2481"]
[BlackElo "2317"]

1.e4 c5 2.Nf3 Nc6 3.Bb5 g6 4.O-O Bg7 5.c3 Nf6 6.d4 cxd4 7.cxd4 Nxe4 8.d5 Nd6
9.Na3 Ne5 10.Nxe5 Bxe5 11.Re1 Bf6 12.Bh6 Bxb2 13.Nc4 Nxc4 14.Bxc4 d6 15.Rb1 Bc3
16.Rxb7 Bd7 17.Re3 Qa5 18.Qe2 Be5 19.Bg7 Rg8 20.Bxe5 dxe5 21.Rxe5 Qa3 22.h3 Rd8
23.d6 Qxd6 24.Rd5 Qc6 25.Rdxd7 Rxd7 26.Rxd7  1-0

[Event "38th Olympiad"]
[Site "Dresden GER"]
[Date "2008.11.23"]
[Round "10"]
[White "Hussein,HA"]
[Black "Surbir,L"]
[Result "1-0"]
[WhiteElo "2354"]
[BlackElo "2084"]

1.e4 c5 2.Nf3 Nc6 3.Bb5 Qc7 4.O-O g6 5.c3 a6 6.Ba4 b5 7.Bc2 Bg7 8.d4 cxd4
9.cxd4 Nf6 10.Nc3 b4 11.Nd5 Nxd5 12.exd5 Na5 13.Bg5 f6 14.Bh4 O-O 15.Re1 Rf7
16.Rc1 Qb6 17.Ba4 Bb7 18.Bg3 d6 19.Bb3 Nxb3 20.Qxb3 Qb5 21.Rc7 Bxd5 22.Qc2 e5
23.dxe5 Rxc7 24.Qxc7 dxe5 25.h4 Qc6 26.Qa5 Rb8 27.Rd1 Bxf3 28.gxf3 h5 29.f4 exf4
30.Bxf4 Rb5 31.Qd8+ Kh7 32.Rd7 Rb7 33.Bc7 Qe6 34.Re7 Qxa2 35.Qf8 Qg8 36.Qxf6 Kh8
37.Qxg6  1-0